Central Library OPAC University of Rajshahi
Normal view MARC view

Entry Topical Term

Number of records used in: 6

001 - CONTROL NUMBER

  • control field: 10007

003 - CONTROL NUMBER IDENTIFIER

  • control field: BD-RjUL

005 - DATE AND TIME OF LATEST TRANSACTION

  • control field: 20231112165251.0

008 - FIXED-LENGTH DATA ELEMENTS

  • fixed length control field: 231112|| aca||aabn | a|a d

040 ## - CATALOGING SOURCE

  • Original cataloging agency: BD-RjUL
  • Transcribing agency: BD-RjUL

150 ## - HEADING--TOPICAL TERM

  • Topical term or geographic name entry element: Islami bank
  • General subdivision: Financial economics

670 ## - SOURCE DATA FOUND

  • Source citation: Work cat.: (BD-RjUL)82273: Mollah, Md. Abdul Khaleque 10006, The Nature of micro-finance of Islami bank & its impact on socio-economic development of Bangladesh : , 2014